000 00649cam a2200181 a 4500
020 _a0340662794
082 _a388.068
_bTRA
_cL-39, P-167
100 _aO Flaherty, C.A
_938529
245 0 0 _aTransport planning and traffic engineering /
_cedited by C.A. O'Flaherty ; contributing authors, MGH Bell ... [et al.].
260 _aLondon :
_bArnold ;
_aNew York :
_bWiley,
_c1997.
300 _axi, 544 p. :
_bill. ;
_c25 cm.
526 _a0
_b0
_c0
_d388_068000000000000_TRA
650 0 _aHighway engineering.
650 0 _aNUST.
_96342
650 0 _aTransportation
_xPlanning.
_919652
650 0 _aUrban transportation
_xPlanning.
_938530
942 _2ddc
_cBK
999 _c543148
_d543148